| 000 | 00597nam a2200217 a 4500 | ||
|---|---|---|---|
| 005 | 20210219153308.0 | ||
| 008 | 991125n 000 0 u | ||
| 035 | _aUPN01000089154 | ||
| 100 | _aWyatt, Robert O. | ||
| 222 | _aJOURNALISM AND MASS COMMUNICATION EDUCATOR | ||
| 245 | _aA new typology for journalism and mass communication writing | ||
| 300 | _a3-11 | ||
| 362 | _a48, No. 1, 1993 | ||
| 505 | _aNoviembre 1993 | ||
| 653 | 0 | _aEDUCACION PERIODISTICA | |
| 653 | 0 | _aPERIODISMO | |
| 653 | 0 | _aRETORICA | |
| 700 | _aBadger, David P. | ||
| 904 |
_aAC _b026965 |
||
| 905 | _aArticulo | ||
| 999 |
_c73341 _d73341 |
||